000 01040cab a2200289 4500
001 ABS50980
008 090401t1994 xxu||||| |||| 00| 0 eng d
035 _a(Sirsi) u3731
041 _aeng
100 _aHenry, J.
245 _aAerial photography and engineering geology in New South Wales
260 _c1994
350 _a0
490 _aCSM (Chartered Surveyor Monthly)
_vJune 1994, 40-41(2)
520 _aReports on how three-dimensional aerial photography can identify landscapes at risk of failure, in New South Wales, preventing serious disasters and even loss of life. Discusses factors such as landslips and slope instability and prefailure conditions and recommends solutions to certain problems.
650 _aAERIAL SURVEY PHOTOGRAPHY
650 _aAUSTRALIA
650 _aNEW SOUTH WALES
650 _aPHOTOGRAMMETRIC SURVEYS
650 _aTOPOGRAPHY
690 _aLAND SURVEYING
690 _aLAND
690 _aMAPPING AND MEASUREMENT
690 _aSPECIAL REPORTS
942 _n0
948 _c04/03/1997
999 _c2278
_d2278